Fundamentals of Financial Accounting (Record no. 4625)

MARC details
000 -LEADER
fixed length control field 00346nam a2200145Ia 4500
008 - FIXED-LENGTH DATA ELEMENTS--GENERAL INFORMATION
fixed length control field 191201s2006 xx 000 0 und d
082 ## - DEWEY DECIMAL CLASSIFICATION NUMBER
Classification number 657.3
Item number SEF
100 ## - MAIN ENTRY--PERSONAL NAME
Personal name SEHGAL,Ashok
245 #0 - TITLE STATEMENT
Title Fundamentals of Financial Accounting
250 ## - EDITION STATEMENT
Edition statement 5th ed.
260 ## - PUBLICATION, DISTRIBUTION, ETC. (IMPRINT)
Place of publication, distribution, etc N. delhi
Name of publisher, distributor, etc Taxmann,s
Date of publication, distribution, etc 2006
300 ## - PHYSICAL DESCRIPTION
Extent 1176
650 ## - SUBJECT ADDED ENTRY--TOPICAL TERM
Topical term or geographic name as entry element BBA
942 ## - ADDED ENTRY ELEMENTS (KOHA)
Source of classification or shelving scheme Dewey Decimal Classification
Koha item type Text Books
Holdings
Withdrawn status Lost status Source of classification or shelving scheme Damaged status Not for loan Collection code Home library Current library Date acquired Source of acquisition Cost, normal purchase price Bill Number Total Checkouts Full call number Acc. no. / Barcode Date last seen Bill Date Koha item type Date last borrowed Public note
    Dewey Decimal Classification     BBA PIET C-LIBRARY PIET C-LIBRARY 11/08/2010 The book company 350.00 IN-2687   657.3 SEF 16185 04/12/2019 07/08/2010 Text Books    
    Dewey Decimal Classification     BBA PIET C-LIBRARY PIET C-LIBRARY 11/08/2010 The book company 350.00 IN-2687 2 657.3 SEF 16186 30/11/2023 07/08/2010 Text Books 23/11/2023 .
    Dewey Decimal Classification     BBA PIET C-LIBRARY PIET C-LIBRARY 11/08/2010 The book company 350.00 IN-2687 1 657.3 SEF 16187 27/11/2023 07/08/2010 Text Books 24/11/2023  
    Dewey Decimal Classification     BBA PIET C-LIBRARY PIET C-LIBRARY 11/08/2010 The book company 350.00 IN-2687 3 657.3 SEF 16188 08/02/2025 07/08/2010 Text Books 13/01/2024  
    Dewey Decimal Classification     BBA PIET C-LIBRARY PIET C-LIBRARY 11/08/2010 The book company 350.00 IN-2687 2 657.3 SEF 16189 06/12/2023 07/08/2010 Text Books 23/11/2023  
    Dewey Decimal Classification     BBA PIET C-LIBRARY PIET C-LIBRARY 11/08/2010 The book company 350.00 IN-2687 3 657.3 SEF 16190 02/12/2025 07/08/2010 Text Books 19/11/2025  

Design & Developed by: PIET Central Library
R70 Miles Stone Pattikalyana Samalkha Panipat 132102
mail ID :- [email protected], Phone No:- 0180-2569700 Ex.216